000 00495nam a2200217Ia 4500
003 OSt
005 20220926044544.0
006 a|||||r|||| 00| 0
007 ta
008 220923b |||||||| |||| 00| 0 eng d
037 _cGeneral Book
040 _aRTL
_cRTL
_beng
041 _2eng
_aeng
082 _aX, K0
100 _aBenham
_9349177
245 0 _aEconoimics
260 _c1960
300 _a575p
_ccm.
942 _hX, K0
_cGB
_2CC
999 _c675199
_d675199